000 00761nam a22002057a 4500
008 160201b xxu||||| |||| 00| 0 eng d
020 _a9781285766584
082 _22015
_aDK12 004
_bM878
100 _92357
_aMorrison, Connie.
245 _aComputer literacy :
_ba comprehensive guide to IC3 /
_cConnie Morrison, Dolores Wells and Lisa Ruffolo.
250 _a5th edition
260 _aAustralia :
_bCengage Learning ;
_c2015
300 _axiii, various pagings :
_b color illustrations ;
_c 28 cm.
500 _aIncludes index.
650 0 _92359
_aElectronic data processing personnel
_vCertification.
650 0 _92361
_aComputer literacy
_xExaminations
700 _92362
_aWells, Dolores, jt.au.
700 _92364
_aRuffolo, Lisa, jt.au.
942 _2ddc
_cDC
999 _c860
_d860